000 00532nam a2200169Ia 4500
008 090201s9999 xx 000 0 und d
010 _aKPL-62506
040 _bमराठी
041 _aमराठी
082 _a33954
_b62506
100 _aयशवंत पाठक
245 _aचंदनाची पाखर
_cयशवंत पाठक
260 _c2004
_bग्रंथाली प्रकाशन
300 _a242
_bमोठा
600 _aचंदनाची पाखर
942 _cBOOK
999 _c232176
_d232176